000 01017cam a2200193 4500
001 L135990
008 061221n2006 000 0 eng u
035 _a(Sirsi) u135990
041 0 _aeng
110 1 _aUnited Kingdom
_bAudit Commission
_93863
245 0 0 _aHousing market renewal
260 _aAudit Commission
_c2006
520 _aThe government's Housing Market Renewal Programme has been in place for over four years, tackling the problem of declining demand for housing in the North and Midlands. This report reviews the progress pathfinders are making, explores some of the emerging issues and looks forward to the challenges and policy changes of a developing government agenda.
590 _aKA
651 4 _aUnited Kingdom
_y
690 _aPROPERTY-RESIDENTIAL PROPERTY-RESIDENTIAL PROPERTY MARKET
856 4 0 _uhttps://www.audit-commission.gov.uk/SiteCollectionDocuments/Downloads/Housing%20Annual%20Review%202006.pdf
_zView the report free of charge at www.audit-commission.gov.uk...
942 _n0
999 _c106273
_d106273